| 000 | 01147cam a22003494a 4500 | ||
|---|---|---|---|
| 001 | 1807 | ||
| 003 | FISKH | ||
| 005 | 20231002154159.0 | ||
| 008 | 050128s2005 nyua j b 001 0 eng | ||
| 010 | _a 2005002421 | ||
| 020 | _a0516249142 (lib. bdg.) | ||
| 035 | _a(OCoLC)ocm57549398 | ||
| 040 |
_aDLC _cDLC _dIG# _dBAKER _dDLC _beng |
||
| 042 | _apcc | ||
| 043 | _azsu---- | ||
| 050 | 0 | 0 |
_aQB521.5 _b.C57 2005 |
| 082 | 0 | 0 |
_a523.7 _222 |
| 100 | 1 | _aChrismer, Melanie. | |
| 245 | 1 | 4 |
_aThe sun / _cby Melanie Chrismer. |
| 260 |
_aNew York : _bScholastic, _c2005. |
||
| 300 |
_a24 pages : _bcolor illustrations ; _c21 cm. |
||
| 490 | _aNews Nonfiction Readers | ||
| 505 | 0 | _aJ | |
| 520 | _aA basic introduction to the sun. | ||
| 521 | 8 |
_a480
_bLexile |
|
| 521 | 8 |
_aJ
_bRaz-Plus |
|
| 651 | 0 |
_aSun _vJuvenile literature. |
|
| 856 | 4 | 1 |
_3Table of contents _uhttp://www.loc.gov/catdir/toc/ecip057/2005002421.html |
| 906 |
_a7 _bcbc _corignew _d1 _eecip _f20 _gy-gencatlg |
||
| 942 |
_2ddc _cBK _n0 |
||
| 999 |
_c1807 _d1807 |
||